000 01273nam a2200277 i 4500
001 bg
100 1 _aSZYDŁO, Antoni
245 1 0 _aStatystyczna indentyfikacja parametrów modeli nawierzchni lotniskowych /
_cAntoni Szydło.
246 1 1 _aStatic identification of the parameters of airfield pavement models
260 _aWrocław :
_bOficyna Wydawnicza PW,
_c1995.
300 _a146 s. :
_b2 fot., rys., wykr. ;
_c24 cm.
490 1 _aPrace Naukowe Instytutu Inżynierii Lądowej Politechniki Wrocławskiej. Monografie =
_aScientific Papers of the Institute of Civil Engineering of the Technical University of Wrocław. Conferences [i. e. Monographs],
_x0324-9727 ;
_v17
500 _aTyt. równol. : Static identification of the parameters of airfield pavement models.
500 _aNumeracja ser. gł. : 45.
504 _aBibliogr. s. 138-143. - Summ.
650 9 _aDrogi betonowe
_xbadanie
650 9 _aDrogi bitumiczne
_xbadanie
650 9 _aLotniska
_xbudownictwo
650 9 _aSymulacja
_xstosowanie
_xbudownictwo
830 0 _aPrace Naukowe Instytutu Inżynierii Lądowej Politechniki Wrocławskiej.
_pMonografie ;
_v17
040 _cBPK
041 0 _apl
_ben
080 _a625.717:519.61/.65
942 _cKS
008 s pl f |000 0 pol
999 _c31067
_d31067
856 _uhttp://koha.tu.koszalin.pl/cgi-bin/koha/opac-detail.pl?biblionumber=31067
_yKatalog online BPK